| 000 | 00000nas 2200000za 4500 |
| 001 | 9.842995 |
| 003 | CaOODSP |
| 005 | 20240820113620 |
| 007 | cr ||||||||||| |
| 008 | 170905c20179999onc x m o||||f0 b0fre|d |
| 040 | |aCaOODSP|bfre |
| 043 | |an-cn--- |
| 086 | 1 |aCS62-0014F-PDF |
| 130 | 0 |aSérie analytique des prix (Statistique Canada) |
| 245 | 10|aSérie analytique des prix |h[ressource électronique]. |
| 246 | 13|aSéries analytiques des prix |
| 260 | |aOttawa : |bStatistique Canada, Division des prix, |c2017- |
| 310 | |aIrrégulier |
| 362 | 1 |aParaît depuis 2017001. |
| 500 | |aPubl. aussi en anglais sous le titre : Prices analytical series. |
| 520 | 3 |a« La Série analytique des prix rend accessible la recherche et l'analyse portant sur les indices des prix. La série analytique veut encourager la discussion sur une variété de sujets reliés à l'analyse de l'évolution temporelle ou spatiale des prix ».|uhttp://www5.statcan.gc.ca/olc-cel/olc.action?ObjId=62F0014M&ObjType=2&lang=fr&limit=0 |
| 692 | 07|2gccst|aAnlyse économique |
| 692 | 07|2gccst|aPrix |
| 710 | 1 |aCanada.|bStatistique Canada.|bDivision des prix. |
| 775 | 08|tPrices analytical series |w(CaOODSP)9.842992 |
| 780 | 00|tSérie analytique |w(CaOODSP)9.500847 |